Development strategy for Bangladesh / (Record no. 61777)
[ view plain ]
| 000 -LEADER | |
|---|---|
| fixed length control field | 00753nam a2200253 a 4500 |
| 001 - CONTROL NUMBER | |
| control field | 61777 |
| 003 - CONTROL NUMBER IDENTIFIER | |
| rucl marc code | BD-RjUL |
| 005 - DATE AND TIME OF LATEST TRANSACTION | |
| control field | 20211209081012.0 |
| 008 - FIXED-LENGTH DATA ELEMENTS--GENERAL INFORMATION | |
| fixed length control field | 170012s1980 bg b 001 0 eng |
| 020 ## - INTERNATIONAL STANDARD BOOK NUMBER | |
| Terms of availability | Tk70.00 ($12.00 U.S.) |
| 035 ## - SYSTEM CONTROL NUMBER | |
| System control number | (BD-RjUL)61901 |
| 040 ## - CATALOGING SOURCE | |
| Original cataloging agency | DLC |
| Transcribing agency | DLC |
| Modifying agency | BD-RjUL |
| Language of cataloging | eng |
| 041 ## - LANGUAGE CODE | |
| Language code of text/sound track or separate title | eng |
| 082 00 - DEWEY DECIMAL CLASSIFICATION NUMBER | |
| Classification number | 338.95492 |
| Edition number | 23 |
| Author mark and year | ALD 1980 |
| 100 1# - MAIN ENTRY--PERSONAL NAME | |
| Personal name | Alamgir, Mahiuddin Khan. |
| 9 (RLIN) | 183932 |
| 245 10 - TITLE STATEMENT | |
| Title | Development strategy for Bangladesh / |
| Statement of responsibility, etc. | Muhiuddin Khan Alamgir. |
| 260 ## - PUBLICATION, DISTRIBUTION, ETC. (IMPRINT) | |
| Place of publication, distribution, etc. | Dacca : |
| Name of publisher, distributor, etc. | Centre for Social Studies, |
| Date of publication, distribution, etc. | 1980. |
| 300 ## - PHYSICAL DESCRIPTION | |
| Pagination | xvi, xv, 477 p. ; |
| Size | 23 cm. |
| 500 ## - GENERAL NOTE | |
| General note | Includes index. |
| 504 ## - BIBLIOGRAPHY, ETC. NOTE | |
| Bibliography, etc | Bibliography: p. 455-465. |
| 651 #0 - SUBJECT ADDED ENTRY--GEOGRAPHIC NAME | |
| Geographic name | Bangladesh |
| General subdivision | Economic policy. |
| 9 (RLIN) | 171507 |
| 942 ## - ADDED ENTRY ELEMENTS (KOHA) | |
| Source of classification or shelving scheme | Dewey Decimal Classification |
| Koha item type | Books |
| Lost status | Source of classification or shelving scheme | Damaged status | Not for loan | Collection code | Permanent Location | Current Location | Shelving location | Date acquired | Source of acquisition | Cost, normal purchase price | Total Checkouts | Full call number | Date last seen | Copy number | Koha item type |
|---|---|---|---|---|---|---|---|---|---|---|---|---|---|---|---|
| Dewey Decimal Classification | Not For Loan | Non-fiction | Central Library, University of Rajshahi | Central Library, University of Rajshahi | Reading Room | 11/10/1987 | Dhaka : Book syndicate | 250.00 | 338.95492 ALD 1980 | 21/01/2017 | C-1 | Books |